| 000 | 00552nam a22001817a 4500 | ||
|---|---|---|---|
| 999 |
_c1696 _d1696 |
||
| 005 | 20200825123727.0 | ||
| 008 | 200825b ||||| |||| 00| 0 eng d | ||
| 020 | _a9781926648156 | ||
| 040 |
_aKABLIB _cKABLIB _dKABLIB |
||
| 082 |
_223 _a 616.0076 _b HUR |
||
| 100 |
_a Hurley, Katrina F _94867 |
||
| 245 |
_aOSCE and clinical skills handbook _c Hurley, Katrina F |
||
| 250 | _a2nd ed. | ||
| 260 |
_aCanada : _bElsevier/ Sauders, _cc2011. |
||
| 300 |
_axxiv,411p.: _bill.; _c27 cm. |
||
| 500 | _aIncludes index(p 396-411) | ||
| 942 |
_2ddc _cBOOK |
||